Central Library OPAC University of Rajshahi

পাশ্চাত্য দর্শনের ইতিহাস : (Record no. 40481)

MARC details
000 -LEADER
fixed length control field 00956nam a2200253 a 4500
001 - CONTROL NUMBER
control field 40481
003 - CONTROL NUMBER IDENTIFIER
rucl marc code BD-RjUL
005 - DATE AND TIME OF LATEST TRANSACTION
control field 20211209053226.0
008 - FIXED-LENGTH DATA ELEMENTS--GENERAL INFORMATION
fixed length control field 160503s2010 bg ||||| b||| 00| 0 ben d
020 ## - INTERNATIONAL STANDARD BOOK NUMBER
International Standard Book Number 9840748386
Terms of availability : Tk. 140.00
035 ## - SYSTEM CONTROL NUMBER
System control number (BD-RjUL)40596
040 ## - CATALOGING SOURCE
Original cataloging agency BD-RjUL
Language of cataloging ben
Transcribing agency BD-RjUL
041 ## - LANGUAGE CODE
Language code of text/sound track or separate title ben
082 ## - DEWEY DECIMAL CLASSIFICATION NUMBER
Edition number 23
Classification number 109
Author mark and year HAP 2010
100 ## - MAIN ENTRY--PERSONAL NAME
Personal name হালিম, মো: আবদুল
9 (RLIN) 124681
245 10 - TITLE STATEMENT
Title পাশ্চাত্য দর্শনের ইতিহাস :
Remainder of title মধ্যযুগ /
Statement of responsibility, etc. মো: আবদুল হালিম
260 ## - PUBLICATION, DISTRIBUTION, ETC. (IMPRINT)
Place of publication, distribution, etc. ঢাকা :
Name of publisher, distributor, etc. বাংলা একাডেমী,
Date of publication, distribution, etc. ২০১০
300 ## - PHYSICAL DESCRIPTION
Pagination ১২, ২১৭ পৃ. ;
Size ২০ সেমি.
490 ## - SERIES STATEMENT
Series statement বাএ ;
Volume/sequential designation ৪৮৩০
504 ## - BIBLIOGRAPHY, ETC. NOTE
Bibliography, etc গ্রন্থপঞ্জি সংযুক্ত
650 ## - SUBJECT ADDED ENTRY--TOPICAL TERM
Topical term or geographic name as entry element দর্শন
General subdivision ইতিহাস
9 (RLIN) 118568
Topical term or geographic name as entry element Philosophy
General subdivision History.
9 (RLIN) 124682
942 ## - ADDED ENTRY ELEMENTS (KOHA)
Source of classification or shelving scheme Dewey Decimal Classification
Koha item type Books
Holdings
Lost status Source of classification or shelving scheme Damaged status Not for loan Collection code Permanent Location Current Location Shelving location Date acquired Source of acquisition Cost, normal purchase price Total Checkouts Full call number Date last seen Copy number Koha item type Date checked out
  Dewey Decimal Classification   Not For Loan Non-fiction Central Library, University of Rajshahi Central Library, University of Rajshahi Reading Room 24/07/2012 Bangla Academy, Dhaka 140.00   B 109 HAP 2010 03/05/2016 C-1 Books  
  Dewey Decimal Classification     Non-fiction Central Library, University of Rajshahi Central Library, University of Rajshahi   24/07/2012 Bangla Academy, Dhaka 140.00 1 B 109 HAP 2010 23/08/2016 C-2 Books 06/08/2016